000
00326 a2200145 4500
001
164976
020
_a
040
_c
Magnum
100
_a
Gainza, Violeta Hemsy de
240
1
0
_a
Estudos de psicopedagogia musical
_l
por
245
1
0
_a
Estudos de psicopedagogia musical
362
0
_a
1899
697
_a
MUSICA
942
_c
BK
999
_c
164976
_d
164976